Statistics for Modern-Day Countries of the Khedivate of Egypt on a Map

Click here to take the quiz!

General Stats

  • This quiz has been taken 2,180 times
  • The average score is 11 of 11

Answers on the Map

Answers color-coded by a green-red scale on the quiz's map according to % correct below.
 

Answer Stats

Countries% Correct
Egypt
100%
South Sudan
100%
Sudan
100%
Eritrea
99%
Ethiopia
99%
Somalia
99%
Chad
98%
Djibouti
97%
Democratic Republic of the Congo
96%
Central African Republic
95%
Uganda
94%

Score Distribution

Percentile by Number Answered

Percent of People with Each Score

Your Score History

You have not taken this quiz